| 000 | 00616ntaaa2200193 4500 | ||
|---|---|---|---|
| 003 | 01 | ||
| 005 | 20251027202205.0 | ||
| 008 | 0714s1973 ag 01 | ||
| 040 |
_aAR-BaBN _bspa _cAR-BaBN _eaacr _dRIC |
||
| 082 | _a267.4 L56 | ||
| 245 | _aGuía para consejeras de los Rayitos de Sol | ||
| 250 | _a3a ed., rev. | ||
| 260 |
_aEl Paso, Tex. : _bCasa Bautista de Publicaciones, _c1963 |
||
| 300 |
_a90 p. ; _cil. byn ; 19 cm. |
||
| 500 | _a"Traducción y adaptación hechas por la Sra. Olivia S. D. de Lerín" | ||
| 500 | _aInv. 026051 retirado definitivamente de biblioteca | ||
| 610 | _aRayitos de Sol | ||
| 942 | _cBK | ||
| 999 |
_c16838 _d16838 |
||